MLB Hit Leaders A-Z - Statistics

General Stats
  • This quiz has been taken 45 times
    41 since last reset
  • The average score is 11 of 22
Answer Stats
Letter Answer # of hits % Correct
R Pete Rose 4256
94%
A Hank Aaron 3771
89%
C Ty Cobb 4191
89%
J Derek Jeter 3465
72%
M Stan Musial 3630
61%
I Raul Ibanez 2034
56%
G Tony Gwynn 3141
56%
K Al Kaline 3007
53%
Y Carl Yastrzemski 3419
50%
T Frank Thomas 2468
47%
W Honus Wagner 3430
47%
B George Brett 3154
44%
H Rickey Henderson 3055
44%
L Nap Lajoie 3252
42%
P Rafael Palmeiro 3020
39%
S Tris Speaker 3514
36%
Z Todd Zeile 2004
31%
V Omar Vizquel 2877
28%
E Dwight Evans 2446
19%
F Frankie Frisch 2880
19%
O Mel Ott 2876
19%
D Andre Dawson 2774
17%
No matching quizzes found
Score Distribution
Percent of People with Each Score
Percentile by Number Answered
Your Score History
You have not taken this quiz since the last reset